<?xml version="1.0" encoding="UTF-8"?>
<marc:record xmlns:marc="http://www.loc.gov/MARC21/slim">
   <marc:leader>00000nam a2200000 a 4500</marc:leader>
   <marc:datafield ind1="1" ind2=" " tag="100">
      <marc:subfield code="a">DeLillo, Don</marc:subfield>
      <marc:subfield code="4">aut</marc:subfield>
      <marc:subfield code="e">Verfasser/-in</marc:subfield>
   </marc:datafield>
   <marc:datafield ind1="1" ind2=" " tag="100">
      <marc:subfield code="a">Heibert, Frank</marc:subfield>
      <marc:subfield code="4">trl</marc:subfield>
      <marc:subfield code="e">Übersetzer/-in</marc:subfield>
   </marc:datafield>
   <marc:datafield ind1="1" ind2=" " tag="100">
      <marc:subfield code="a">DeLillo, Don</marc:subfield>
   </marc:datafield>
   <marc:datafield ind1=" " ind2=" " tag="653">
      <marc:subfield code="a">Geschichte 2000</marc:subfield>
   </marc:datafield>
   <marc:datafield ind1=" " ind2=" " tag="653">
      <marc:subfield code="a">Kreditmarkt</marc:subfield>
   </marc:datafield>
   <marc:datafield ind1=" " ind2=" " tag="653">
      <marc:subfield code="a">Bedrohung</marc:subfield>
   </marc:datafield>
   <marc:datafield ind1=" " ind2=" " tag="653">
      <marc:subfield code="a">Fiktionale Darstellung</marc:subfield>
   </marc:datafield>
   <marc:datafield ind1=" " ind2=" " tag="653">
      <marc:subfield code="a">Belletristische Darstellung</marc:subfield>
   </marc:datafield>
   <marc:datafield ind1=" " ind2=" " tag="653">
      <marc:subfield code="a">Erzählende Literatur: Gegenwartsliteratur ab 1945</marc:subfield>
   </marc:datafield>
   <marc:datafield ind1="0" ind2="0" tag="245">
      <marc:subfield code="a">Cosmopolis</marc:subfield>
   </marc:datafield>
   <marc:datafield ind1="0" ind2="0" tag="245">
      <marc:subfield code="b">Roman</marc:subfield>
   </marc:datafield>
   <marc:datafield ind1="0" ind2="0" tag="245">
      <marc:subfield code="c">Don DeLillo. Aus dem Amerikan. von Frank Heibert</marc:subfield>
   </marc:datafield>
   <marc:datafield ind1=" " ind2="1" tag="264">
      <marc:subfield code="a">Köln</marc:subfield>
      <marc:subfield code="b">Kiepenheuer &amp; Witsch</marc:subfield>
      <marc:subfield code="c">2012</marc:subfield>
   </marc:datafield>
   <marc:datafield ind1="1" ind2=" " tag="490">
      <marc:subfield code="a">KiWi</marc:subfield>
      <marc:subfield code="v">1278 : Paperback</marc:subfield>
   </marc:datafield>
   <marc:datafield ind1=" " ind2=" " tag="250">
      <marc:subfield code="a">2. Aufl.</marc:subfield>
   </marc:datafield>
   <marc:datafield ind1="1" ind2=" " tag="520">
      <marc:subfield code="a">Angaben aus der Verlagsmeldung

Cosmopolis : Roman Cosmopolis / von Don DeLillo

Don DeLillos Meisterwerk nun im Kino
Als »Cosmopolis« 2003 erschien, wurde der Roman international als literarisches Meisterwerk gefeiert, das DeLillos Rang als einer der wichtigsten Autoren der Welt abermals unterstrich. Heute wirkt DeLillos Roman im Angesicht der weltweiten Finanzkrise beinahe prophetisch und ist aktueller denn je. David Cronenberg hat »Cosmopolis« nun mit Robert Pattinson und Juliette Binoche verfilmt. Die Geschichte: Eric Packer, 28 Jahre alt, ist ein reicher, gewissenloser Börsenspekulant. Unterwegs in seiner Stretchlimousine zu einem Friseurtermin, führt ihn sein Weg über die 47. Straße quer durch Manhattan. Das Herz von New York steht an diesem Frühlingstag im April 2000 kurz vor dem totalen Kollaps. Der amerikanische Präsident ist in der Stadt, gewalttätige Globalisierungsgegner demonstrieren und ein Sufi-Rapper wird unter großer Anteilnahme seiner Anhänger zu Grabe getragen. Mitten durch dieses Chaos schleicht Packer mit seinen Sicherheitsbeamten, seiner Frau, seiner Liebhaberin und seinem Leibarzt im Schritttempo voran, ohne wirklich vorwärts zu kommen – und am Ende seiner 24-stündigen Odyssee durch Manhattan verliert er mehr, als er sich je hat vorstellen können.
»Schwindelerregend intelligent geschrieben, ein irritierendes Buch von großer diagnostischer Qualität« (Frankfurter Rundschau)
</marc:subfield>
   </marc:datafield>
   <marc:datafield ind1=" " ind2=" " tag="020">
      <marc:subfield code="a">9783462044379</marc:subfield>
      <marc:subfield code="9">9783462044379</marc:subfield>
   </marc:datafield>
   <marc:datafield ind1=" " ind2=" " tag="020">
      <marc:subfield code="a">3462044370</marc:subfield>
      <marc:subfield code="9">3462044370</marc:subfield>
   </marc:datafield>
   <marc:datafield ind1=" " ind2=" " tag="041">
      <marc:subfield code="a">ger</marc:subfield>
   </marc:datafield>
   <marc:datafield ind1=" " ind2=" " tag="300">
      <marc:subfield code="a">204 S.</marc:subfield>
   </marc:datafield>
</marc:record>
